000
00272nam a22001097a 4500
003
OSt
005
20260219150939.0
008
260219b |||||||| |||| 00| 0 eng d
040
_c
China Intercontinental Press
245
_a
China and Global Climate Governance
942
_2
ddc
_c
BK
999
_c
4166
_d
4166